| 000 | 00596nam a2200229Ia 4500 | ||
|---|---|---|---|
| 005 | 20250108124858.0 | ||
| 008 | 008 250107s9999 xx 000 0 eng d | ||
| 020 | _a978-93-92048-02-9 | ||
| 037 | _aTB | ||
| 040 |
_aCRL _beng _cCRL |
||
| 041 |
_afre _2eng |
||
| 084 | _aV2:51xN16 152R3 | ||
| 084 | _qCRL | ||
| 100 |
_aErnaux Annie Au. _9730016 |
||
| 245 | 0 |
_aLa place _cErnaux Annie Au. |
|
| 260 | _c2535 | ||
| 300 | _a113p. | ||
| 365 |
_aINR _b200 |
||
| 650 |
_aFRENCH FICTIONFRENCH LITERATURE _9730017 |
||
| 942 |
_cTB _hV2:51xN16 152R3 |
||
| 999 |
_c1234923 _d1234923 |
||